000 00679nam a2200181 i 4500
001 17683
003 ES-MaACL
005 20230906151636.0
007 t|
008 010425s1995 sp ||||1| spa d
080 _a32(460)"1982/1996"(042.3)
100 1 _aCastellano, Pablo.
_936507
245 1 0 _aDéficit político y social
_b: conferencia pronunciada en el Club Siglo XXI el 6-2-1995 por Pablo Castellano, presidente del PASOC (Partido de Acción Socialista)... : Madrid,14 de febrero de 1995.
260 _a[Madrid :
_bs.n.],
_c1995.
300 _a25 p. ;
_c23 cm.
651 4 _aEspaña-
_xPolítica y gobierno-
_y1982-1996.
_98449
852 _aES-MaACL
_j2163-F-12
_bR.123852
999 _c17683
_d17683